| 000 | 01178naa a22003137a 4500 | ||
|---|---|---|---|
| 001 | BR8002009 | ||
| 003 | BR-BrBNA | ||
| 005 | 20240918174544.0 | ||
| 007 | ta | ||
| 008 | 230509b bl.||||| |||| 00| 0 por d | ||
| 040 |
_aBR-BrBNA _bpor _cBiblioteca Nacional de Agricultura |
||
| 041 | _a(Pt) | ||
| 072 |
_aE15 _b0150 _bG514 |
||
| 090 | _aE15 BR8002009 | ||
| 100 | 1 | _aMalagodi, E. | |
| 111 | 1 |
_a2. Encontro Realidade Nordestina _cCampina Grande, PB (Brazil) _d10 Jun 1980 |
|
| 245 | 1 | _aNotas sobre o processo de producao na parceria [Arroz; Oryza sativa; Bahia; Brasil] | |
| 260 | 3 |
_aCampina Grande, PB (Brasil): _c1980. |
|
| 500 | _aEncontro realidade nordestina. Pequena producao agricola; movimento social no campo Campina Grande, PB (Brasil): 1980. p. 200-220 (BR8002009-AM)E15 | ||
| 650 | _aMicroeconomia | ||
| 650 | _aArroz | ||
| 650 | _aParceria | ||
| 650 | _aProdutividade | ||
| 650 | _aPropriedade rural | ||
| 650 | _aMeeiro | ||
| 773 | 0 |
_tEncontro realidade nordestina. Pequena producao agricola; movimento social no campo _wE15 BR8002009 _gCampina Grande, PB (Brasil), 1980. p. 200-220 |
|
| 909 |
_a202404 _bLucia _c55 _dLucia Elande |
||
| 942 |
_cAM _2AGRIS |
||
| 999 |
_c311977 _d311977 |
||